Návrh a výroba anatomicky tvarovanej počítačovej myši s využitím Reverse Engineering a Rapid Prototyping

Salvato in:
Dettagli Bibliografici
Autore principale: Kubek, Andrej, 1986- (Autore)
Altri autori: Morovič, Ladislav, 1979- (Relatore della tesi)
Natura: Manoscritto Libro
Lingua:slovacco
Pubblicazione: STU v Bratislave MTF UVTE KOM, 2010
Soggetti:
Accesso online:VAIS
Tags: Aggiungi Tag
Nessun Tag, puoi essere il primo ad aggiungerne!!

MARC

LEADER 00000ntm a22000003a 4500
001 stu206439
005 20150617230059.8
008 100703s2010------------------------slo-d
040 |a STU  |b slo 
041 0 |a slo 
100 1 |a Kubek, Andrej,  |d 1986-  |4 aut  |u M3000  |U MTF Materiálovotechnologická fakulta  |T MTF Ústav výrobných technológií  |X 26631  |U M3000  |Y 83  |7 A000026631 
242 0 0 |a Design and manufacturing of anatomically shaped computer mouse utilising Reverse Engineering and Rapid Prototyping.   |y eng 
245 1 |a Návrh a výroba anatomicky tvarovanej počítačovej myši s využitím Reverse Engineering a Rapid Prototyping 
260 |b STU v Bratislave MTF UVTE KOM,  |c 2010 
650 7 |a Rapid Prototyping  |2 stusub 
650 7 |a Rapid Prototyping  |2 stusub 
700 1 |a Morovič, Ladislav,  |d 1979-  |4 ths  |u M3000  |U MTF Materiálovotechnologická fakulta  |T MTF Ústav výrobných technológií  |X 38280  |U M3000  |Y 83  |7 A000038280 
856 4 |a info a plný text  |u http://is.stuba.sk/zp/portal_zp.pl?podrobnosti=58606  |3 VAIS 
996 |c M*DP-9071  |l MMSKP  |s P  |a 0  |w stu206439_0001